<?xml version="1.0" encoding="UTF-8"?>
<record
    xmlns:xsi="http://www.w3.org/2001/XMLSchema-instance"
    xsi:schemaLocation="http://www.loc.gov/MARC21/slim http://www.loc.gov/standards/marcxml/schema/MARC21slim.xsd"
    xmlns="http://www.loc.gov/MARC21/slim">

  <leader>02532nas a22003257a 4500</leader>
  <controlfield tag="005">20260512111952.0</controlfield>
  <controlfield tag="008">260512c1917    porur|p s ||| 00| 0 por d</controlfield>
  <datafield tag="040" ind1=" " ind2=" ">
    <subfield code="c">BR-ViAPE</subfield>
  </datafield>
  <datafield tag="110" ind1=" " ind2=" ">
    <subfield code="a">Instituto Hist&#xF3;rico e Geogr&#xE1;fico do Esp&#xED;rito Santo</subfield>
  </datafield>
  <datafield tag="245" ind1=" " ind2=" ">
    <subfield code="a">Revista do Instituto Hist&#xF3;rico e Geogr&#xE1;fico do Esp&#xED;rito Santo</subfield>
  </datafield>
  <datafield tag="260" ind1=" " ind2=" ">
    <subfield code="a">Vit&#xF3;ria</subfield>
    <subfield code="b">Officinas da Imprensa Estadual</subfield>
    <subfield code="c">1917-</subfield>
  </datafield>
  <datafield tag="300" ind1=" " ind2=" ">
    <subfield code="a">v.</subfield>
    <subfield code="b">il.</subfield>
  </datafield>
  <datafield tag="310" ind1=" " ind2=" ">
    <subfield code="a">irregular</subfield>
  </datafield>
  <datafield tag="362" ind1=" " ind2=" ">
    <subfield code="a">Ano 1, n. 1 - </subfield>
  </datafield>
  <datafield tag="500" ind1=" " ind2=" ">
    <subfield code="a">Cole&#xE7;&#xE3;o incompleta: dispon&#xED;veis apenas alguns n&#xFA;meros do peri&#xF3;dico.</subfield>
  </datafield>
  <datafield tag="500" ind1=" " ind2=" ">
    <subfield code="a">Documento digitalizado do acervo institucional do Arquivo P&#xFA;blico do Estado do Esp&#xED;rito Santo - APEES.</subfield>
  </datafield>
  <datafield tag="650" ind1=" " ind2=" ">
    <subfield code="a">Hist&#xF3;ria</subfield>
    <subfield code="v">Cultura capixaba</subfield>
    <subfield code="v">Mem&#xF3;ria social</subfield>
    <subfield code="v">Imigra&#xE7;&#xE3;o</subfield>
    <subfield code="z">Esp&#xED;rito Santo</subfield>
  </datafield>
  <datafield tag="651" ind1=" " ind2=" ">
    <subfield code="a">Esp&#xED;rito Santo (Brasil)</subfield>
    <subfield code="v">Peri&#xF3;dicos</subfield>
  </datafield>
  <datafield tag="655" ind1=" " ind2=" ">
    <subfield code="a">Peri&#xF3;dicos hist&#xF3;ricos</subfield>
  </datafield>
  <datafield tag="710" ind1=" " ind2=" ">
    <subfield code="a">Instituto Hist&#xF3;rico e Geogr&#xE1;fico do Esp&#xED;rito Santo</subfield>
  </datafield>
  <datafield tag="856" ind1=" " ind2=" ">
    <subfield code="u">https://ape.es.gov.br/Media/ape/PDF/Revista%20IHGES/Revista01.pdf</subfield>
    <subfield code="z"> CLIQUE AQUI PARA ACESSAR O PERI&#xD3;DICO - Ano 1, n. 1 (1917)</subfield>
  </datafield>
  <datafield tag="856" ind1=" " ind2=" ">
    <subfield code="u">https://ape.es.gov.br/Media/ape/PDF/Revista%20IHGES/Revista02%20.pdf</subfield>
    <subfield code="z"> CLIQUE AQUI PARA ACESSAR O PERI&#xD3;DICO - Ano 2, n. 2 (1922)</subfield>
  </datafield>
  <datafield tag="856" ind1=" " ind2=" ">
    <subfield code="u">https://ape.es.gov.br/Media/ape/PDF/Revista%20IHGES/03.pdf</subfield>
    <subfield code="z"> CLIQUE AQUI PARA ACESSAR O PERI&#xD3;DICO - Ano 2, n. 3 (1922)</subfield>
  </datafield>
  <datafield tag="856" ind1=" " ind2=" ">
    <subfield code="u">https://ape.es.gov.br/Media/ape/PDF/Revista%20IHGES/04.pdf</subfield>
    <subfield code="z"> CLIQUE AQUI PARA ACESSAR O PERI&#xD3;DICO - Ano 4, n. 4 (1925)</subfield>
  </datafield>
  <datafield tag="856" ind1=" " ind2=" ">
    <subfield code="u">https://ape.es.gov.br/Media/ape/PDF/Revista%20IHGES/05.pdf</subfield>
    <subfield code="z"> CLIQUE AQUI PARA ACESSAR O PERI&#xD3;DICO - Ano 5, n. 5 (1926)</subfield>
  </datafield>
  <datafield tag="856" ind1=" " ind2=" ">
    <subfield code="u">https://ape.es.gov.br/Media/ape/PDF/Revista%20IHGES/06.pdf</subfield>
    <subfield code="z"> CLIQUE AQUI PARA ACESSAR O PERI&#xD3;DICO - Ano 6, n. 6 (1927)</subfield>
  </datafield>
  <datafield tag="856" ind1=" " ind2=" ">
    <subfield code="u">https://ape.es.gov.br/Media/ape/PDF/Revista%20IHGES/07.pdf</subfield>
    <subfield code="z"> CLIQUE AQUI PARA ACESSAR O PERI&#xD3;DICO - n. 7 (mar. 1934)</subfield>
  </datafield>
  <datafield tag="856" ind1=" " ind2=" ">
    <subfield code="u">https://ape.es.gov.br/Media/ape/PDF/Revista%20IHGES/08.pdf</subfield>
    <subfield code="z"> CLIQUE AQUI PARA ACESSAR O PERI&#xD3;DICO - n. 8 (abr. 1935)</subfield>
  </datafield>
  <datafield tag="942" ind1=" " ind2=" ">
    <subfield code="2">ddc</subfield>
    <subfield code="c">PER</subfield>
    <subfield code="n">1</subfield>
  </datafield>
  <datafield tag="999" ind1=" " ind2=" ">
    <subfield code="c">636</subfield>
    <subfield code="d">636</subfield>
  </datafield>
  <datafield tag="952" ind1=" " ind2=" ">
    <subfield code="0">0</subfield>
    <subfield code="1">0</subfield>
    <subfield code="2">ddc</subfield>
    <subfield code="4">0</subfield>
    <subfield code="7">0</subfield>
    <subfield code="a">HDIG.APEES</subfield>
    <subfield code="b">HDIG.APEES</subfield>
    <subfield code="d">2026-05-12</subfield>
    <subfield code="l">0</subfield>
    <subfield code="r">2026-05-12 11:19:55</subfield>
    <subfield code="w">2026-05-12</subfield>
    <subfield code="y">PER</subfield>
  </datafield>
</record>
